Catálogo Biblioteca Central

L'Union européenne au XXIe. siècle (Registro nro. 146501)

Detalles MARC
000 -CABECERA
campo de control de longitud fija 00690naa a2200193 4500
001 - NÚMERO DE CONTROL
campo de control 146501
003 - IDENTIFICADOR DEL NÚMERO DE CONTROL
campo de control ES-MaBCM
005 - FECHA Y HORA DE LA ÚLTIMA TRANSACCIÓN
campo de control 20241016183906.0
008 - CÓDIGOS DE INFORMACIÓN DE LONGITUD FIJA
campo de control de longitud fija 070305s2006 fra|r0p 0 ||fre d
021 ## -
-- xx
035 ## - NÚMERO DE CONTROL DEL SISTEMA
Número de control de sistema (OCoLC)1365269131
040 ## - FUENTE DE LA CATALOGACIÓN
Centro transcriptor ES-MaBCM
100 1# - PUNTO DE ACCESO PRINCIPAL - NOMBRE DE PERSONA
Nombre de persona Sauterey, Anne-Lise
9 (RLIN) 79041
245 00 - MENCIÓN DE TÍTULO
Título L'Union européenne au XXIe. siècle
Resto del título : maîtriser son territoire pour peser face aux enjeux du système géopolitique mondial
Mención de responsabilidad etc. Anne-Lise Sauterey
650 14 - PUNTO DE ACCESO ADICIONAL DE MATERIA--TÉRMINO DE MATERIA
Término de materia o nombre geográfico como elemento inicial Unión Europea
9 (RLIN) 52895
650 17 - PUNTO DE ACCESO ADICIONAL DE MATERIA--TÉRMINO DE MATERIA
Término de materia o nombre geográfico como elemento inicial Relación internacional
9 (RLIN) 60079
773 0# - ENLACE AL DOCUMENTO FUENTE
Encabezamiento principal En:
Título Revue politique et parlementaire
Lugar editor y fecha de publicación Paris
Número de control del registro relacionado 104657
Parte(s) relacionada(s) 108 année, nº 1041 (oct.-déc. 2006), p. 49-60
942 ## - ELEMENTOS DE PUNTO DE ACCESO ADICIONAL (KOHA)
Tipo de ítem Koha Artículos de revistas
Existencias
Estado de retiro Estado de pérdida Estado dañado No para préstamo Localización permanente Ubicación/localización actual Fecha de adquisición Precio válido a partir de Tipo de ítem Koha
        Biblioteca Central del Ministerio de la Presidencia Biblioteca Central del Ministerio de la Presidencia 21/04/2012 21/04/2012 Artículos de revistas